Villes du Grand-Est en images - Statistiques

Statistiques générales
  • Ce quiz a été pris 64 fois
  • Le résultat moyen est 12 sur 24
Statistiques - réponses
Par images Hint Réponse % Correct
N Nancy
100%
S Strasbourg
100%
C Colmar
98%
R Reims
97%
M Metz
83%
M Mulhouse
76%
C Charleville-Mézières
69%
T Troyes
69%
V Verdun
56%
G Gérardmer
46%
L Lunéville
44%
T Toul
44%
C Châlons-en-Champagne
42%
T Thionville
41%
L Langres
32%
O Obernai
32%
S Sélestat
31%
H Haguenau
27%
B Bar-sur-Aube
25%
S Saint-Dié-des-Vosges
25%
B Bitche
24%
E Eguisheim
20%
S Sedan
20%
V Vitry-le-François
17%
Aucun quiz correspondant
Distribution des résultats
% des personnes avec chaque résultat
Percentile par nombre de réponses
Votre historique - résultats
Vous n’avez pas pris ce quiz